| 000 | 005960000a22001810004500 | ||
|---|---|---|---|
| 020 | _a9978-42-463-6 | ||
| 041 | 0 | _aSPA | |
| 082 | 0 | 4 | _aG 266.07 R1731e |
| 245 | 1 | 0 | _aEducación teológica y misión hacia el siglo XXI : Ensayos en honor a James M. Beaty / David E. Ramírez, Editor |
| 260 | _aQuito, Ecuador : FLEREC-SEMISUD | ||
| 300 | _a266 Pag | ||
| 500 | _a1ra Cumbre de la Fraternidad de Educadores Latinoamericanos 5-9 de marzo de 2001 | ||
| 001 | 7632 | ||
| 942 | _cBK | ||
| 999 |
_c37839 _d37839 |
||
| 336 |
_atexto _btxt _2rdacontent |
||
| 337 |
_2rdamedia _asin mediación _bn |
||
| 338 |
_2rdacarrier _avolumen _bnc |
||